000
00284nam a22001337a 4500
008
170405b xxu||||| |||| 00| 0 eng d
020
_a
9781901289015
041
_a
eng
080
_a
574
100
_a
9
101
_a
SHM
245
_a
PRACTICAL GARDENING
_c
MCHOY.P
942
_2
udc
_c
BK
999
_c
9714
_d
9714